Retos frente a la globalización de mercados / (Registro nro. 4952)
[ vista simple ]
| 000 -CABECERA | |
|---|---|
| Campo de control | 01496cam a2200301 a 4500 |
| 005 - FECHA Y HORA DE LA ULTIMA TRANSACCION | |
| Campo de control | 20160805104228.0 |
| 008 - ELEMENTOS DE LONGITUD FIJA—INFORMACION GENERAL | |
| Campo de control | 050419s2004 ck a r 10110 spa d |
| 020 ## - ISBN | |
| ISBN | 9589728944 |
| 040 ## - FUENTE DE CATALOGACIÓN | |
| Agencia catalogadora original | la |
| Agencia transcriptora | la |
| Agencia Modificadora | CO-BoIAVH |
| 041 0# - IDIOMA | |
| Código de idioma para texto/pista de sonido o título separado | Español |
| 044 ## - PAÍS DE PUBLICACIÓN | |
| País de publicación | Colombia |
| 082 04 - NUMERO DE CLASIFICACION DECIMAL DEWEY | |
| Número de clasificación | 639.8 |
| Número del ítem | C65r |
| 111 2# - ASIENTO PRINCIPAL--NOMBRE DE REUNION | |
| Nombre de reunión o de jurisdicción como elemento de entrada | Congreso Colombiano de Acuicultura |
| Fecha de la reunión | (2004 : |
| Lugar de la reunión | Villavicencio) |
| 9 (RLIN) | 73986 |
| 245 10 - MENCION DE TITULO | |
| Título | Retos frente a la globalización de mercados / |
| Mención de responsabilidad | Memorias II Congreso Colombiano de Acuicultura, X Jornada de Acuicultura IALL, Villavicencio, octubre 27 al 29 de 2004 ; editor Pedro René Eslava Mocha, Grupo de Investigación Acuicultura Universidad de los Llanos. |
| 260 ## - PUBLICACION, DISTRIBUCION, ETC. (PIE DE IMPRENTA) | |
| Lugar de publicación, distribución, etc. | Villavicencio : |
| Nombre del editor, distribuidor, etc. | Universidad de los Llanos, |
| Fecha de publicación, distribución, etc. | 2004. |
| 300 ## - DESCRIPCION FISICA | |
| Extensión | 159 páginas : |
| Otros detalles físicos | ilustraciones ; |
| Dimensiones | 28 x 20 cm. |
| 504 ## - NOTA DE BIBLIOGRAFIA, ETC. | |
| Nota de bibliografía | Incluye referencias bibliográficas e índice. |
| 650 26 - ASIENTO SECUNDARIO DE MATERIA - TERMINO TEMATICO | |
| Término temático o nombre geográfico como elemento de entrada | Acuicultura |
| Subdivisión geográfica | Colombia |
| Subdivisión de forma | Congresos, conferencias, etc.. |
| 9 (RLIN) | 73987 |
| 650 26 - ASIENTO SECUNDARIO DE MATERIA - TERMINO TEMATICO | |
| Término temático o nombre geográfico como elemento de entrada | Maricultura |
| Subdivisión geográfica | Colombia |
| Subdivisión de forma | Congresos, conferencias, etc.. |
| 9 (RLIN) | 73988 |
| 650 26 - ASIENTO SECUNDARIO DE MATERIA - TERMINO TEMATICO | |
| Término temático o nombre geográfico como elemento de entrada | Globalización |
| Subdivisión geográfica | Colombia |
| Subdivisión de forma | Congresos, conferencias, etc.. |
| 9 (RLIN) | 73989 |
| 650 26 - ASIENTO SECUNDARIO DE MATERIA - TERMINO TEMATICO | |
| Término temático o nombre geográfico como elemento de entrada | Pesca |
| Subdivisión geográfica | Colombia |
| Subdivisión de forma | Congresos, conferencias, etc.. |
| 9 (RLIN) | 73990 |
| 700 1# - ASIENTO SECUNDARIO - NOMBRE PERSONAL | |
| Nombre personal | Eslava Mocha, Pedro René |
| 9 (RLIN) | 73983 |
| 710 2# - ASIENTO SECUNDARIO - NOMBRE CORPORATIVO | |
| Nombre corporativo o de jurisdicción como elemento de entrada | Universidad de los Llanos |
| Lugar de la reunión | (Villavicencio). |
| Unidad subordinada | Grupo de Investigación Acuicultura, |
| Término de relación | editora |
| 9 (RLIN) | 73991 |
| 711 2# - ASIENTO SECUNDARIO - NOMBRE DE REUNION | |
| Nombre de la reunión o nombre de la jurisdicción como elemento de entrada | Jornada de Acuicultura - IALL |
| 9 (RLIN) | 73992 |
| 740 02 - ASIENTO SECUNDARIO - TITULOS RELACIONADOS /ANALITICOS NO CONTROLADOS | |
| Título relacionado o analítico no controlado | Memorias II Congreso Colombiano de Acuicultura, X Jornada de Acuicultura IALL. |
| 942 ## - ELEMENTOS ADICIONALES (KOHA) | |
| Sistema de clasificación | Dewey Decimal Classification |
| Tipo de ítem | Libro |
| 949 ## - LOCAL PROCESSING INFORMATION (OCLC) | |
| a | c |
| b | c |
| Withdrawn status | Lost status | Sistema de Clasificación | Damaged status | No para préstamo | Colección | Inventariado | Ubicación Permanente | Ubicación actual | Fecha de adquisición | Total Checkouts | Número topográfico | Inventario / Código de Barras | Date last seen | Ejemplar | Price effective from | Forma de adquisición | Tipo de material |
|---|---|---|---|---|---|---|---|---|---|---|---|---|---|---|---|---|---|
| Dewey Decimal Classification | General | Inventariado 2017 | Sala Fabio Quevedo | Sala Fabio Quevedo | 09/12/2005 | LB-639.8 C65r | 022560 | 04/12/2012 | Ej. 1 | 04/12/2012 | Donación | Libro |